00245nam a22000977a 4500008004100000082001100041100002000052245002800072260003800100300000900138260430b |||||||| |||| 00| 0 eng d a001384 aSinha, Jadunath aIndian Philosophy Vol 1 aDelhibMotilal Banarasidassc1978 a944p